One belt one road: China's global outreach (Record no. 9163)

MARC details
000 -LEADER
fixed length control field 00483nam a2200169Ia 4500
020 ## - INTERNATIONAL STANDARD BOOK NUMBER
ISBN 9789386618030
082 ## - DEWEY DECIMAL CLASSIFICATION NUMBER
Classification number 338.95 ONE-
245 #0 - TITLE STATEMENT
Title One belt one road: China's global outreach
260 ## - PUBLICATION, DISTRIBUTION, ETC. (IMPRINT)
Place of publication New Delhi
Name of publisher Pentagon Press
Year of publication 2017
300 ## - PHYSICAL DESCRIPTION
Number of Pages xvi, 438p
504 ## - BIBLIOGRAPHY, ETC. NOTE
Bibliography, etc includes index
650 ## - SUBJECT ADDED ENTRY--TOPICAL TERM
Topical Term Cooperation
Form subdivision Cooperative movement
-- Pakistan
650 ## - SUBJECT ADDED ENTRY--TOPICAL TERM
Topical Term Cooperation
Form subdivision Cooperative movement
-- Japan
700 ## - ADDED ENTRY--PERSONAL NAME
Personal name Kondapalli, Srikanth
700 ## - ADDED ENTRY--PERSONAL NAME
Personal name Xiaowen, Hu
942 ## - ADDED ENTRY ELEMENTS (KOHA)
Koha item type Books
Source of classification or shelving scheme Dewey Decimal Classification
Holdings
Withdrawn status Lost status Damaged status Not for loan Home library Current library Date acquired Source of acquisition Bill Date Full call number Accession Number Price effective from Koha item type
        NASSDOC Library NASSDOC Library 20/03/2018 OP 2018-02-28 338.95 ONE- 49681 18/04/2019 Books